Normal view
MARC view
Entry Personal Name
001 - CONTROL NUMBER
- control field: 1179072
003 - CONTROL NUMBER IDENTIFIER
- control field: OSt
005 - DATE AND TIME OF LATEST TRANSACTION
- control field: 20260324125725.0
008 - FIXED-LENGTH DATA ELEMENTS
- fixed length control field: 260324|| aca||aabn | a|a d
040 ## - CATALOGING SOURCE
- Original cataloging agency: OSt
- Transcribing agency: OSt
100 ## - HEADING--PERSONAL NAME
- Personal name: Annelies J. E. Verheugt-Pleiter; Jolien Zevalkink; Marcel G. J. Schmeets
670 ## - SOURCE DATA FOUND
- Source citation: Work cat.: (OSt)1774595: Annelies J. E. Verheugt-Pleiter; Jolien Zevalkink; Marcel G. J. Schmeets, Mentalizing in Child Therapy
